[Event "EU-chT (Men) 15th"]
[Site "Gothenburg"]
[Date "2005.08.05"]
[Round "7.3"]
[White "Parligras, Mircea Emilian"]
[Black "Banikas, Hristos"]
[Result "0-1"]
[WhiteElo "2571"]
[BlackElo "2548"]
[Annotator "Ftacnik,L"]
[PlyCount "102"]
[EventDate "2005.07.30"]
[EventType "team-swiss"]
[EventRounds "9"]
[EventCountry "SWE"]
[SourceTitle "CBM 109"]
[Source "ChessBase"]
[SourceDate "2005.11.14"]
[SourceVersion "1"]
[SourceVersionDate "2005.11.14"]
[SourceQuality "1"]
[WhiteTeam "Romania"]
[BlackTeam "Greece"]
[WhiteTeamCountry "ROU"]
[BlackTeamCountry "GRE"]

1. e4 c5 2. Nf3 d6 3. d4 cxd4 4. Nxd4 Nf6 5. Nc3 a6 6. f3 Qb6 7. Nb3 e6 8. g4
Qc7 9. Be3 b5 10. Qd2 Nc6 11. O-O-O Bb7 12. Kb1 Ne5 13. Qf2 $6 {The pawn
structure in the center can be vulnerable and the queen move is clearly
insufficient to protect it.} (13. Be2 Rb8 (13... h6 14. h4 Rb8 15. g5 hxg5 16.
hxg5 Rxh1 17. Rxh1 Nfd7 18. Rh8 Ng6 19. Rh7 b4 20. Nd1 d5 21. exd5 Bxd5 22. f4
{1-0 Acs,P (2542)-Vera,R (2546)/Varadero 2000/ (36)}) 14. Qd4 Nfd7 15. g5 Nc6
16. Qd2 Ra8 17. h4 Nce5 18. Ka1 Be7 19. h5 O-O 20. Nd4 b4 21. Nb1 Nc5 {0-1
Alvarado,N (2324)-Suba,M (2520)/Balaguer 2005/ (38)}) 13... b4 $1 14. g5 (14.
Na4 Nxf3 15. Nb6 Rb8 $17) 14... Nfg4 (14... bxc3 15. gxf6 gxf6 16. Rg1 $15) 15.
Nb5 (15. fxg4 bxc3 16. Bb6 Qc8 17. Qd4 cxb2 $17) 15... axb5 16. Bxb5+ $2 {
Parligras is impatient and so he swaps light squared bishops first.
Unfortunatelly for him it opens the chance for a great combination by black.} (
16. fxg4 Nxg4 17. Bxb5+ Bc6 18. Qe2 Nxe3 19. Bxc6+ Qxc6 20. Qxe3 Qa4 21. Nc1
Be7 $15) 16... Bc6 17. Bxc6+ Qxc6 18. fxg4 Qa4 19. Nc1 (19. Qe2 Qxa2+ 20. Kc1
Qa4 21. h4 Be7 $17) 19... b3 $1 {[%mdl 64] Banikas is suddenly shooting on
many sqaures and e4 seems to be the most painful point.} 20. Rd4 (20. cxb3
Qxe4+ 21. Ka1 Nxg4 22. Qh4 Qxe3 23. Qxg4 Be7 $17) (20. Nxb3 Qxa2+ 21. Kc1 Nc4
$19) 20... bxa2+ 21. Ka1 Qc6 22. Qe2 Be7 23. Nd3 (23. h4 O-O 24. h5 Rfb8 $17)
23... Qa6 (23... O-O 24. Rd1 Rfb8 25. Nb4 Qb7 26. c3 Nc6 27. Nxc6 Qxc6 $17) 24.
b3 (24. Qd1 Nc4 25. Bc1 O-O 26. b3 Ne5 $17) 24... O-O {Black is finishing
development with material balance and nasty a2 pawn puting white king in grave
danger.} 25. Bc1 Nc6 (25... Qb6 26. Rb4 Qc7 $19) 26. Ra4 Qb5 27. Rxa8 (27. Rxa2
Rxa2+ 28. Kxa2 Ra8+ 29. Kb2 Nd4 30. Qd1 Qa5 $19) 27... Rxa8 28. Qe3 Bd8 (28...
d5 29. Rf1 Nb4 $19) 29. Rf1 Ra7 30. Bb2 (30. Qf2 Bb6 31. Be3 Bxe3 32. Qxe3 Qa5
$19) 30... Bxg5 31. Qf2 Bd8 {With a spare pawn the task of converting
advantage becomes even easier.} 32. Qf4 e5 (32... Qb8 33. h4 Bb6 $19) 33. Qf5
g6 34. Qc8 Kg7 35. Rd1 Bb6 (35... Bg5 36. Bc3 Be3 $19) 36. Nf4 Nd4 37. Nd5 Qxb3
$1 {Great tactical shot proves once again, that strandled king opens
possibilities for most unusual combinations.} 38. Rc1 (38. cxb3 Nxb3#) (38.
Bxd4 Bxd4+ 39. Rxd4 Qb1#) (38. Rxd4 Bxd4 39. cxb3 Bxb2+ 40. Kxb2 a1=Q+ $19)
38... Bc5 39. Qd8 (39. Bxd4 Bxd4+ 40. c3 Rb7 $19) 39... Qf3 40. g5 Nxc2+ $1 41.
Rxc2 Qd1+ 42. Bc1 (42. Rc1 Qxc1+ 43. Bxc1 Bd4+ 44. Bb2 Bxb2+ 45. Kxb2 a1=Q+ $19
) 42... Bd4+ (42... Qxc2 $2 43. Qf6+ Kg8 44. Qd8+ $11) 43. Nc3 Ra8 $1 {Banikas
shows his great tactical provess, black only needed to break the idea of
perpetual check.} 44. Qf6+ (44. Qxa8 Qxc2 $19) 44... Kg8 45. Qf2 Qxc1+ $1 46.
Rxc1 Bxf2 47. Nb5 Ra5 48. Rc8+ Kg7 49. Rb8 Ra4 50. Rd8 Bd4+ 51. Nxd4 Rxd4 (
51... Rxd4 52. Kxa2 Rxe4 53. Rxd6 Rg4 $19) 0-1

[Event "American Continental 3rd"]
[Site "Buenos Aires"]
[Date "2005.08.16"]
[Round "11"]
[White "Shabalov, Alexander"]
[Black "Vera Gonzalez Quevedo, Reynaldo"]
[Result "1-0"]
[WhiteElo "2593"]
[BlackElo "2490"]
[Annotator "Ftacnik,L"]
[PlyCount "55"]
[EventDate "2005.08.06"]
[EventType "swiss"]
[EventRounds "11"]
[EventCountry "ARG"]
[SourceTitle "CBM 109"]
[Source "ChessBase"]
[SourceDate "2005.11.14"]
[SourceVersion "1"]
[SourceVersionDate "2005.11.14"]
[SourceQuality "1"]

1. e4 c5 2. Nf3 d6 3. d4 cxd4 4. Nxd4 Nf6 5. Nc3 a6 6. Be3 e5 7. Nb3 Be7 8. f3
Be6 9. Qd2 O-O 10. O-O-O Nbd7 11. g4 Nb6 12. Kb1 Qc7 13. h4 d5 $2 {[%mdl 4] It
seems, that black can benefit from the delayed g4-g5 by advancing the d pawn.
Unfortunatelly the tactics works perfectly for white and the line is
unplayable.} (13... Rfc8 14. g5 (14. h5 Nfd7 15. g5 a5 16. Nb5 Qc6 17. Rh2 Nc5
18. Nxc5 dxc5 19. h6 {1-0 Karjakin,S (2635)-Nepomniashchy,Y (2505)/Kirishi
2005/ (57)}) 14... Nfd7 15. Rh2 Nc4 16. Bxc4 Bxc4 17. h5 (17. Nd5 Bxd5 18. Qxd5
a5 19. a4 Qc4 20. Qxb7 Qxa4 21. Nc5 Nxc5 22. Qxe7 {1-0 Lenderman,A (2378)
-Nepomniashchy,Y (2502)/Belfort 2005/ (53)}) 17... a5 18. Nc1 b5 19. Nd5 Bxd5
20. Qxd5 b4 21. g6 Qc4 22. gxf7+ Kf8 23. Qd2 Kxf7 {1/2-1/2 Alekseev,E (2605)
-Nepomniashchy,Y (2483)/Nojabrsk 2005/ (30)}) 14. Bxb6 Qxb6 15. g5 Nh5 (15...
d4 16. Na4 Qc6 17. gxf6 Bxb3 (17... gxf6 18. Nac5 Bxc5 19. Rg1+ Kh8 20. Qh6 $18
) (17... Bxf6 18. Nac5 $18) 18. fxe7 Bxa2+ 19. Kxa2 Qxa4+ 20. Kb1 Rfe8 21. Rg1
Rxe7 22. Qg5 f6 23. Qxf6 $18) 16. exd5 Rfd8 (16... Rad8 17. Bd3 Bc8 18. Qe1 Qc7
19. Qe4 f5 20. gxf6 Nxf6 21. Qc4 Qxc4 22. Bxc4 Bb4 {1/2-1/2 Gelman,A-Neverov,V
(2550)/Katowice 1993/ (37)}) 17. Qe1 $1 {Shabalov is not afraid of any ghosts,
and grabs the second pawn.} (17. Bd3 Bd7 18. Rhe1 Qc7 19. Ne4 Bf5 20. Nf6+ Bxf6
21. Bxf5 Be7 22. Qe3 Bd6 23. Nd2 Nf4 24. Qb3 g6 25. Bd3 b5 26. Ne4 Be7 27. Bf1
{1-0 Zhigalko,A (2526)-Baramidze,D (2535)/Hengelo 2005/ (56)}) 17... Bd7 18.
Qxe5 Bf8 (18... Bd6 19. Qd4 Qc7 20. Ne4 $16) 19. d6 $1 {The pawn on d6 will be
paralysing black pieces, Vera will not be able to generate any counterplay.}
Rac8 (19... Be6 20. Ne4 Rac8 21. Bh3 $18) (19... Bc6 20. Bc4 $18) 20. Ne4 g6
21. Qa5 Qe3 (21... Qxa5 22. Nxa5 Rb8 23. Bh3 $18) (21... Qc6 22. Nd4 $18) 22.
Bc4 $1 Bf5 (22... Rxc4 23. Qxd8 Ba4 24. d7 $18) 23. Qd5 {White plays with a
full swing and thus shortens opponent's pain of defending miserable position.}
Rxc4 (23... Be6 24. Qe5 Rxc4 25. Nf6+ Nxf6 26. Qxe3 $18) 24. Qxc4 Qxf3 25. Rhe1
b5 26. Qc7 Rc8 (26... Rd7 27. Qc6 Qf4 28. Nbc5 $18) 27. Qb7 Qg4 28. Nbc5 1-0

[Event "RUS-ch 53rd"]
[Site "Samara"]
[Date "2000.06.27"]
[Round "11"]
[White "Bezgodov, Alexei"]
[Black "Rashkovsky, Nukhim N"]
[Result "0-1"]
[WhiteElo "2576"]
[BlackElo "2523"]
[Annotator "Ftacnik,L"]
[PlyCount "70"]
[EventDate "2000.06.03"]
[EventType "swiss"]
[EventRounds "11"]
[EventCountry "RUS"]
[SourceTitle "CBM 078"]
[Source "ChessBase"]
[SourceDate "2000.10.18"]
[SourceVersion "1"]
[SourceVersionDate "2000.10.18"]
[SourceQuality "1"]

1. e4 c5 2. Nf3 d6 3. d4 cxd4 4. Nxd4 Nf6 5. Nc3 a6 6. f3 e5 7. Nb3 Be7 8. Be3
Be6 9. Qd2 h5 10. Be2 Nbd7 11. O-O Rc8 12. Kh1 h4 13. f4 h3 (13... exf4 14.
Bxf4 Ne5 15. Nd4 $14) 14. g3 (14. f5 hxg2+ 15. Kxg2 Bxb3 16. axb3 Nc5 17. Bf3
Rh4 $17) 14... Nb6 15. Bxb6 $6 {[%mdl 16384] The absence of the dark squared
bishop will be felt for a long time, white will have to fight for equality.} (
15. f5 Nc4 $15) (15. fxe5 dxe5 16. Qxd8+ Bxd8 17. Na5 (17. Nc5 Nc4 18. Bxc4
Bxc4 19. Rfd1 Rc7 $11) 17... Nc4 18. Nxc4 Bxc4 19. Bxc4 Rxc4 20. Bg5 Ba5 $11)
15... Qxb6 16. Bf3 (16. Rad1 Qc6 $13) 16... O-O 17. g4 (17. f5 Bd7 18. a4 Bc6
$13) 17... exf4 18. Qxf4 Nd7 19. g5 $6 (19. Nd5 $5 Bxd5 20. exd5 Bf6 21. Qf5
Rc7 22. c3 Re8 $11) 19... Ne5 20. Be2 f5 $1 {The punishment comes in form of
the king side opening, black has excellent control of many squares.} 21. gxf6 (
21. Bd3 Rce8 22. Qg3 Nxd3 23. cxd3 fxe4 24. dxe4 Bxb3 25. axb3 Qxb3 $17) (21.
exf5 Rxf5 22. Qe4 Rxf1+ 23. Rxf1 Bxg5 24. Bd3 Qc6 $17) 21... Rxf6 22. Qd2 (22.
Qg3 $6 Rg6 $1 23. Qf2 Qxf2 24. Rxf2 Bh4 25. Rff1 Rg2 $17) 22... Rcf8 23. Rg1 (
23. Nd5 Bxd5 (23... Rxf1+ $6 24. Rxf1 Rxf1+ 25. Bxf1 Bxd5 26. Qxd5+ Kf8 27.
Bxh3 Qe3 $13) 24. Qxd5+ Kh8 25. Rxf6 Rxf6 $15) 23... Qf2 $1 {Rashkovsky
dominates the board and uses his control to a full benefit, white is helpless
on the dark squares.} 24. Rg3 (24. Raf1 $2 Qxf1 $1 25. Bxf1 Rxf1 26. Nd4 Bc4
27. Nce2 Ng4 $19) (24. Nd4 Ng4 $19) (24. Nd5 Nf3 $1 25. Nxe7+ Kh7 26. Qxd6 Rf4
$19) 24... Nf3 25. Bxf3 Rxf3 26. Qxf2 (26. Rxf3 $2 Qxf3+ 27. Kg1 Rf4 $19) 26...
Rxf2 27. Nd4 Bd7 28. Nd5 Bh4 29. Rg6 (29. Rgg1 Bf6 30. Nxf6+ R8xf6 $17) 29...
Rf1+ 30. Rxf1 Rxf1+ 31. Rg1 Rf2 32. b3 (32. Rg6 $2 Kf7 $17) 32... Kf7 33. Nb6 (
33. a4 Bf6 34. Nxf6 Kxf6 $17) 33... Bf6 $1 34. Nf5 Bxf5 35. exf5 Be5 0-1

[Event "UKR-ch KO 74th"]
[Site "Rivne"]
[Date "2005.08.26"]
[Round "2.1"]
[White "Zinchenko, Yaroslav"]
[Black "Areshchenko, Alexander"]
[Result "0-1"]
[WhiteElo "2493"]
[BlackElo "2625"]
[Annotator "Ftacnik,L"]
[PlyCount "84"]
[EventDate "2005.08.24"]
[EventType "k.o."]
[EventRounds "5"]
[EventCountry "UKR"]
[SourceTitle "CBM 109"]
[Source "ChessBase"]
[SourceDate "2005.11.14"]
[SourceVersion "1"]
[SourceVersionDate "2005.11.14"]
[SourceQuality "1"]

1. e4 c5 2. Nf3 d6 3. d4 cxd4 4. Nxd4 Nf6 5. Nc3 a6 6. a4 e5 7. Nf3 Qc7 8. Bg5
Nbd7 9. Nd2 h6 10. Bh4 g5 11. Bg3 Nc5 12. Qf3 Be7 13. Bc4 Be6 14. a5 (14. Bxe6
fxe6 15. Qe2 h5 16. h4 g4 17. f4 gxf3 18. gxf3 Rg8 19. Bh2 O-O-O 20. O-O-O Kb8
21. Nc4 Rc8 22. b3 {1-0 Kurajica,B (2525)-Hmadi,S/La Valetta 1980/ (33)}) 14...
Rc8 (14... g4 15. Qe2 h5 16. f3 Rc8 17. Bxe6 fxe6 18. fxg4 hxg4 19. O-O Ncd7
20. Rf2 Qc5 21. Ra4 Rc6 22. Nb3 Qa7 23. Rc4 Rxc4 24. Qxc4 Qe3 {0-1 Tal,M (2605)
-Eolian,L (2355)/Yerevan 1982/ (58)}) 15. Bxe6 Nxe6 16. Qd3 Rg8 17. f3 (17. h3
h5 18. h4 g4 19. O-O Rg6 20. Nb3 Qc4 21. Ra4 Qxd3 22. cxd3 Rg8 23. d4 Nd7 24.
Rd1 exd4 25. Nxd4 Ndc5 26. Rc4 {1-0 Zinchenko,Y (2493)-Loskutov,O (2435)/
Alushta 2005/ (57)}) 17... h5 18. Bf2 $6 {The game proves, that this seemingly
logical move is a serious innacuracy. Black was ready to accept the weaknes on
d5 and sacrifice the castling for the promise of piece activity.} (18. O-O $5
h4 19. Bf2 Nf4 20. Qe3 g4 21. g3 $13) 18... Nf4 19. Qf1 d5 $1 20. exd5 (20. Bb6
Qc6 21. g3 d4 22. Na2 (22. Nd1 Qxc2 23. gxf4 Bb4 24. Qe2 Nxe4 25. fxe4 Bxd2+
26. Kf1 gxf4 27. Ra3 Be3 28. Qxc2 Rxc2 29. Rd3 f5 $19) 22... Qxc2 23. gxf4 Qxb2
24. Rb1 (24. Ke2 Rc2 25. Qd1 gxf4 $19) 24... Qxa2 25. fxe5 Bb4 $19) (20. g3 d4
21. Na4 (21. Na2 Qxc2 22. gxf4 Qxb2 $19) 21... Qxc2 22. gxf4 Bb4 23. Qe2 Nxe4
24. fxe4 Bxd2+ 25. Kf1 gxf4 $19) (20. Nxd5 $2 N6xd5 21. exd5 Qxc2 $19) 20...
Bb4 $1 {[%mdl 2048] With white queen on f1 and the king on e1 without castling
any activity by black is very dangerous.} 21. Bb6 Qd6 22. Nde4 (22. Qf2 N6xd5 (
22... g4 23. g3 N4xd5 24. Nxd5 Bxd2+ 25. Qxd2 Qxd5 $15) 23. Nde4 Qc6 24. O-O
Nxb6 25. Qxb6 Qxb6+ 26. axb6 Rc6 $17) 22... Nxe4 23. fxe4 Bxc3+ (23... Qg6 24.
Ra4 (24. Qf3 Bxc3+ 25. bxc3 g4 26. Qf2 Qxe4+ $19) 24... Qxe4+ 25. Kd1 Rxc3 26.
bxc3 Nxd5 27. cxb4 Nc3+ 28. Kc1 Nxa4 29. Qe1 Qxe1+ 30. Rxe1 f6 $17) 24. bxc3
Rxc3 25. Qf2 Kd7 26. O-O Rgc8 27. Rac1 (27. Ra2 Qb4 28. Qe1 Qc4 $17) 27... Qa3
{Areschenko could have already won the exchange, but he is probably hoping for
more.} (27... Qg6 28. Rfe1 (28. Kh1 Qxe4 29. Rfe1 Qg6 30. Qf1 Rxc2 31. Rxc2
Rxc2 $19) 28... Nd3 $1 29. cxd3 Rxc1 30. Qe3 Rxe1+ 31. Qxe1 g4 $15) 28. Qd2 (
28. Kh1 Qa4 29. Qe1 Rxc2 30. Rxc2 Qxc2 31. Rf2 Qc1 32. Rf1 Qxe1 33. Rxe1 h4 34.
g3 hxg3 35. hxg3 Nh5 36. Kg2 Nf6 $17) 28... Qa4 29. Rf2 Qxe4 30. d6 (30. Qd1 g4
31. Rd2 g3 32. h3 Qc4 33. d6 Rd3 34. Rxd3 Qxd3 35. cxd3 Rxc1 36. Qxc1 Ne2+ 37.
Kf1 Nxc1 $19) 30... Rxc2 $1 {Excellent combination proves once again that too
much pressure usually leads to a great tactical possibilities.} 31. Rxc2 Rxc2
32. Qxc2 (32. Qe3 Ne2+ 33. Kf1 (33. Rxe2 Rxe2 $19) 33... Rc1+ 34. Kxe2 Qc4+ 35.
Qd3 Re1+ 36. Kxe1 Qxd3 37. Rxf7+ Kxd6 $19) 32... Qe1+ 33. Rf1 Ne2+ 34. Qxe2
Qxe2 35. Rxf7+ Kxd6 36. h3 e4 {Zinchenko will find it very hard to stop the
black e pawn.} 37. Rf8 (37. Rf2 Qe1+ 38. Rf1 Qd2 $19) 37... e3 38. Re8 Qd1+ 39.
Kh2 e2 40. Bf2 Qf1 (40... h4 $1 $19) 41. Kg3 Qd1 $1 (41... h4+ 42. Kf3 Qd1 43.
Rxe2 Qd5+ 44. Re4 Qf5+ 45. Ke3 Qxa5 $19) 42. Re3 (42. Kh2 h4 43. Re3 Qf1 $19)
42... h4+ 0-1

[Event "EU-ch 1st"]
[Site "Saint Vincent"]
[Date "2000.07.05"]
[Round "3"]
[White "Fedorov, Alexei"]
[Black "Kempinski, Robert"]
[Result "1-0"]
[WhiteElo "2646"]
[BlackElo "2498"]
[Annotator "Ftacnik,L"]
[PlyCount "51"]
[EventDate "2000.07.03"]
[EventType "swiss"]
[EventRounds "11"]
[EventCountry "ITA"]
[SourceTitle "CBM 078"]
[Source "ChessBase"]
[SourceDate "2000.10.18"]
[SourceVersion "1"]
[SourceVersionDate "2000.10.18"]
[SourceQuality "1"]

1. e4 c5 2. Nf3 d6 3. d4 cxd4 4. Nxd4 Nf6 5. Nc3 a6 6. f3 Qb6 7. Nb3 e6 8. Qe2
Nbd7 9. g4 h6 10. h4 Ne5 $2 {Kempisnki plays the knight into center way too
early, so white goes into great end to punish him.} (10... Qc7 11. Bg2 b5 12.
g5 Nh5 13. Qf2 b4 $13) 11. f4 $1 Nexg4 (11... Ng6 12. Bg2 $14) 12. e5 dxe5 13.
fxe5 Qc7 (13... Nxe5 14. Qxe5 Bd6 15. Qe3 $16) 14. Bf4 (14. exf6 Qg3+ 15. Kd2 (
15. Kd1 Nf2+ 16. Kd2 Nxh1 $19) 15... Nf2 16. Ne4 Qf4+ 17. Ke1 Qxe4 18. Rg1 gxf6
19. Kxf2 Qxh4+ $15) 14... Bb4 (14... h5 15. O-O-O Nd7 16. Bh3 $40) 15. Rh3 h5
16. O-O-O Nd7 17. Kb1 O-O {Black decides to park his king, since otherwise
white's activity might become very dangerous. Unfortunatelly his kingside
position was alaready compromised and the bishop on b4 is not helping in the
defense.} (17... Ndxe5 18. Rhd3 $1 (18. Nb5 axb5 19. Qxb5+ Bd7 20. Qxb4 Nc6 21.
Bxc7 Nxb4 $17) 18... f6 (18... O-O 19. Bh3 $1) 19. Bh3 Qe7 20. Bxg4 Nxg4 21. a3
Bxc3 22. Bd6 Qf7 23. Rxc3 $36) 18. Ne4 $1 Ndxe5 (18... Ngxe5 19. Nf6+ $5 Nxf6 (
19... gxf6 20. Rg3+ $18) 20. Bxe5 Qc6 21. Bxf6 e5 22. Bxe5 Bg4 23. Rg3 $1 Bxe2
24. Rxg7+ Kh8 25. Rxf7+ Kg8 26. Rg7+ Kh8 27. Rc7+ Kg8 28. Bxe2 $18) 19. a3 Be7
20. Rc3 Qb6 (20... Qb8 21. Bh3 $5 (21. Ng3 Bxh4 22. Nxh5 f5 23. Rc5 Bf6 24. Bg2
$14) 21... Qa7 22. Bxe5 Nxe5 23. Qxh5 f5 24. Rc7 $16) 21. Bxe5 Nxe5 22. Qxh5 f6
(22... f5 23. Ng5 Bxg5 24. hxg5 g6 25. Qh6 $18) 23. Bh3 Bd7 24. Rg3 $1 {
White has got a magnificient attacking position for a single pawn, especially
the pressure along the g file is too strong.} (24. Nbc5 Be8 25. Qe2 Bf7 $13)
24... Rf7 (24... Be8 25. Qh6 Bg6 26. Rxg6 Nxg6 27. Qxg6 $18) (24... Rad8 25.
Rdg1 Rf7 26. Qh6 g5 27. Nxg5 Rg7 28. Nf3 $18) 25. Qh6 f5 (25... Qd8 26. Nd4 (
26. Bxe6 Bxe6 27. Rxd8+ Rxd8 28. Qf4 $16) 26... Bf8 27. Nxe6 Qe7 28. Rxd7 Qxd7
29. Nxf6+ Rxf6 30. Qxf6 Ng4 31. Qg6 $18) 26. Bxf5 (26. Bxf5 Bd8 (26... exf5 27.
Qxb6 fxe4 28. Qd4 Bf6 29. Qxe4 $18) 27. Rxd7 Nxd7 28. Bxe6 $18) 1-0

[Event "CRO-ch"]
[Site "Zagreb"]
[Date "2004.11.18"]
[Round "3"]
[White "Fercec, Nenad"]
[Black "Brkic, Ante"]
[Result "1-0"]
[WhiteElo "2477"]
[BlackElo "2454"]
[Annotator "Ftacnik,L"]
[PlyCount "45"]
[EventDate "2004.11.16"]
[EventType "tourn"]
[EventRounds "11"]
[EventCountry "CRO"]
[EventCategory "10"]
[SourceTitle "CBM 105"]
[Source "ChessBase"]
[SourceDate "2005.04.11"]
[SourceVersion "1"]
[SourceVersionDate "2005.04.11"]
[SourceQuality "1"]

1. e4 c5 2. Nf3 d6 3. d4 cxd4 4. Nxd4 Nf6 5. Nc3 a6 6. f3 e5 7. Nb3 Be6 8. Be3
Be7 9. Qe2 O-O 10. O-O-O Nbd7 11. g4 Qc7 12. h4 $5 {Fercec doesn't like the
prospect of black knight blockading advance of the pawns from h5 square. For
that reason he decides to wait with g4-g5 push.} (12. g5 Nh5 13. Qf2 a5 14. Kb1
a4 15. Nc1 a3 16. Nb5 Qc6 17. b3 Nf4 18. h4 d5 19. Bxf4 exf4 20. exd5 Bxd5 21.
Be2 Rfc8 22. c4 Be6 23. Qd4 Bf5+ 24. Nd3 Nc5 25. Qxf4 Qg6 26. Qe3 Rd8 {Beltz,
F-Siebarth,R/playchess.com INT 2004/ 0-1 (49)}) 12... b5 13. h5 Bc4 14. Qg2 b4
15. Bxc4 Qxc4 (15... bxc3 16. Bd3 cxb2+ 17. Kb1 Ne8 18. g5 $40) 16. g5 bxc3 {
Bad sign as Brkic has no choice, white knight on d5 square would easily decide
the issue.} (16... Nxh5 17. Nd5 $18) (16... Ne8 17. Nd5 Bd8 18. g6 $18) 17.
gxf6 Nxf6 $2 {[%mdl 256] Clearly a wrong choice as black does not have to
protect d5 square, but definitely a g7 one.} (17... Bxf6 $5 18. Rxd6 Rfd8 19.
Rg1 $14) 18. Rdg1 cxb2+ 19. Kb1 Ne8 (19... g6 20. hxg6 fxg6 21. Rxh7 $18) 20.
Bh6 g6 (20... Bf6 21. Bxg7 Nxg7 22. h6 Rfc8 23. hxg7 Bg5 24. Qh2 Bh6 25. Rg2
$18) 21. hxg6 hxg6 (21... fxg6 22. Bxf8 Bxf8 23. Rxh7 $18) 22. Qh2 {Survival
in such a position is not even a distant dream.} Ng7 23. Be3 (23. Be3 f6 24.
Rxg6 Kf7 25. Rxg7+ $18) 1-0

[Event "Moscow Aeroflot op-A"]
[Site "Moscow"]
[Date "2005.02.22"]
[Round "8"]
[White "Lastin, Alexander"]
[Black "Naiditsch, Arkadij"]
[Result "0-1"]
[WhiteElo "2588"]
[BlackElo "2623"]
[Annotator "Ftacnik,L"]
[PlyCount "60"]
[EventDate "2005.02.15"]
[EventType "swiss"]
[EventRounds "9"]
[EventCountry "RUS"]
[SourceTitle "CBM 106"]
[Source "ChessBase"]
[SourceDate "2005.06.06"]
[SourceVersion "1"]
[SourceVersionDate "2005.06.06"]
[SourceQuality "1"]

1. e4 c5 2. Nf3 d6 3. d4 cxd4 4. Nxd4 Nf6 5. Nc3 a6 6. a4 b6 7. Bc4 e6 8. O-O
Bb7 9. Re1 (9. Qe2 Nbd7 10. Bg5 Be7 11. f4 b5 12. axb5 Qb6 13. Qd2 e5 14. fxe5
dxe5 15. Be3 exd4 16. Bxd4 Bc5 17. Rad1 O-O 18. Kh1 Bxd4 19. Qxd4 Qxd4 20. Rxd4
{1-0 Tskitishvili,S-Melkonian,A/Tbilisi 2002/ (36)}) 9... Qc8 (9... Be7 10. Qf3
Nc6 11. Nxc6 Bxc6 12. Qg3 O-O 13. Bh6 Ne8 14. Rad1 Qc7 15. Bd3 Bf6 16. Bg5 Bxc3
17. bxc3 f6 18. Bd2 Qf7 19. Rb1 b5 20. Qh3 bxa4 21. Rb6 {1-0 Winkworth,
J-Regnault,A/Vichy 2000/ (31)}) (9... Nc6 10. Bg5 Be7 11. Nxc6 Bxc6 12. f4 O-O
13. Qd3 Bb7 14. Rad1 Qc7 15. Bb3 Rfd8 16. Qe2 h6 17. Bxf6 Bxf6 18. e5 dxe5 19.
Rxd8+ Rxd8 20. fxe5 Bg5 {0-1 Nguyen T Thuy,L-Nguyen T Thu,H/Phu Dong 2004/ (43)
}) 10. Ba2 Be7 11. f4 Nc6 (11... g6 12. e5 dxe5 13. fxe5 Nfd7 14. Bh6 Nc6 15.
Nxc6 Qxc6 16. Qg4 Qc5+ 17. Kh1 Nxe5 18. Qf4 Nd7 19. Rad1 g5 20. Qf1 Nf6 21. Bg7
Ng4 22. Bd4 Qc7 23. Qg1 Bc5 {0-1 Onoprienko,V-Galkin,A/Krasnodar 1997/ (31)})
12. Be3 Nb4 13. Bb3 $6 {Lastin choses a luxurious solution of keeping the
bishops pair at the cost of a central pawn.} (13. Qf3 Nxa2 14. Rxa2 Qc4 15.
Raa1 $11) 13... Nxe4 14. Nxe4 Bxe4 15. Qg4 (15. f5 exf5 $15) 15... g6 (15...
Bf6 $5 16. Rad1 d5 $17) 16. Nxe6 $6 {[%mdl 1024] Another dubious solution to
the mounting problems, for the piece white will be unable to get enough
compensation.} (16. Qe2 d5 $15) 16... fxe6 17. Bd4 (17. Bxe6 Qb7 18. Bd4 Rf8
$19) 17... Bf5 (17... e5 18. Qxc8+ Rxc8 19. fxe5 d5 $19) 18. Qe2 O-O 19. c3 (
19. g4 Nxc2 20. Bxc2 (20. Bf2 Nxa1 21. Rxa1 d5 22. gxf5 Rxf5 $19) 20... Bxc2
21. Rac1 Rxf4 22. Rxc2 Qd7 $19) 19... Nd3 20. g4 (20. Qxd3 Bxd3 21. Bxe6+ Qxe6
22. Rxe6 Rae8 $19) 20... Nxf4 $1 (20... Nxe1 $2 21. gxf5 d5 (21... Nf3+ 22.
Qxf3 Rxf5 23. Bxe6+ Qxe6 24. Qxa8+ $11) 22. fxg6 hxg6 23. Rxe1 $11) 21. Qf3 Bd3
22. Rxe6 $5 {The best chance, that tests black's defence to the limit.} (22.
Qxd3 Nxd3 23. Bxe6+ Rf7 24. Bxc8 Nxe1 25. Be6 Nf3+ 26. Kg2 Nxd4 27. cxd4 Raf8
$19) 22... Nxe6 23. Qxd3 Rf7 (23... Bh4 $6 24. Qe4 Re8 25. g5 Bxg5 26. Re1 $15)
24. Re1 Nxd4 25. Qxd4 (25. Bxf7+ Kxf7 26. Rf1+ Kg8 27. Qxd4 Qc5 $19) 25... d5
$1 {Naiditsch found an excellent move, that wins the crucial tempo for the
complete coordination of black forces.} 26. Rxe7 (26. Qxd5 Bc5+ 27. Kh1 Raa7
$19) 26... Rxe7 27. Bxd5+ Rf7 (27... Kf8 $4 28. Qh8#) 28. Bxf7+ Kxf7 29. Qd5+
Ke7 30. Qe4+ (30. Qg5+ Kf8 31. Qf6+ Kg8 $19) 30... Kd8 (30... Kd8 31. Qd5+ Kc7
32. Qe5+ Kb7 33. Qd5+ Qc6 $19) 0-1